Quick Pick: Television 'L' Shows Quiz Stats

 Plays Quiz Updated Feb 24, 2020

Support Sporcle.
Go Orange.
Score 0/10 Timer 01:00
2 Plays Today
% Correct
Law & Order: Criminal Intent
96.2%
Lizzie McGuire
96.2%
The Love Boat
95.9%
Lost in Space
95.7%
Lie to Me
86.7%
Las Vegas
85.7%
Lou Grant
78.4%
Land of the Giants
74.8%
Lingo
60.4%
Love of Life
53.3%

Today's Daily Dose

Missing Word
90s UK #1s

Word Ladder
Full Score

Quick Pick
Prime Books

Get the Picture
Big 4 'P' All-Stars

From the Vault

Smallest-to-Largest Minefield

by needapausebutton

We never thought knowing the exact size of a giraffe would come in so handy.
Remove Ads.
Support Sporcle.
Get the best of Sporcle when you Go Orange. This ad-free experience offers more features, more stats, and more fun while also helping to support Sporcle. Thank you for becoming a member.

Show Comments

Extras

Top Quizzes Today


Score Distribution

Your Account Isn't Verified!

In order to create a playlist on Sporcle, you need to verify the email address you used during registration. Go to your Sporcle Settings to finish the process.

Report this User

Report this user for behavior that violates our Community Guidelines.

Details: